000 01242cam a2200337 i 4500
001 192105
003 SpMaBN
005 20250824054926.0
008 221104s2011 sp | |||| 000 d spa
017 _aB 44321-2011
_bOficina Depósito Legal Barcelona
020 _a9788467036039
040 _cSpMaBN
080 _a821.134.2-23"19"
100 1 _aValle-Inclán, Ramón del,
_d1866-1936
_eaut
_9112796
245 1 0 _aMartes de carnaval :
_besperpentos /
_cRamón del Valle-Inclán ; edición de Jesús Rubio Jiménez.
250 _a36ª ed., 1ª en esta presentación
260 _aMadrid :
_bAustral,
_c2011
300 _a250 páginas ;
_c19 cm.
490 1 _aClásica. Teatro
504 _aBibliografía: páginas [67]-73
505 _aContiene: Las galas del difunto ; Los cuernos de don Friolera ; La hija del capitán
700 0 _aRubio Jiménez, Jesús,
_d1953-
_9100422
_epbl
740 4 2 _aLas galas del difunto
740 4 2 _aLos cuernos de Don Friolera
740 3 2 _aLa hija del capitán
830 1 0 _aClásica.
_pTeatro (Austral)
_9226092
852 4 _aES-MaACL
_jN-8071
_9199387
_bR. 152908
_cDEPOJ
_hDonación: Editorial
942 _cMONOGRAFIA
_n0
999 _c192105
_d192105